Random Spanish Numerals 0-100 - Statistics

General Stats
  • This quiz has been taken 69 times
  • The average score is 12 of 14
Answer Stats
Number Numeral % Correct
0 cero
100%
50 cincuenta
100%
55 cincuenta y cinco
100%
54 cincuenta y cuatro
100%
52 cincuenta y dos
100%
58 cincuenta y ocho
100%
56 cincuenta y seis
100%
57 cincuenta y siete
100%
53 cincuenta y tres
100%
51 cincuenta y uno
100%
46 cuarenta y seis
100%
47 cuarenta y siete
100%
41 cuarenta y uno
100%
4 cuatro
100%
16 dieciséis
100%
17 diecisiete
100%
12 doce
100%
2 dos
100%
90 noventa
100%
95 noventa y cinco
100%
94 noventa y cuatro
100%
92 noventa y dos
100%
99 noventa y nueve
100%
98 noventa y ocho
100%
97 noventa y siete
100%
91 noventa y uno
100%
9 nueve
100%
80 ochenta
100%
85 ochenta y cinco
100%
89 ochenta y nueve
100%
88 ochenta y ocho
100%
86 ochenta y seis
100%
83 ochenta y tres
100%
81 ochenta y uno
100%
15 quince
100%
6 seis
100%
60 sesenta
100%
65 sesenta y cinco
100%
64 sesenta y cuatro
100%
62 sesenta y dos
100%
69 sesenta y nueve
100%
68 sesenta y ocho
100%
66 sesenta y seis
100%
61 sesenta y uno
100%
70 setenta
100%
75 setenta y cinco
100%
72 setenta y dos
100%
79 setenta y nueve
100%
78 setenta y ocho
100%
77 setenta y siete
100%
73 setenta y tres
100%
71 setenta y uno
100%
7 siete
100%
13 trece
100%
30 treinta
100%
35 treinta y cinco
100%
34 treinta y cuatro
100%
39 treinta y nueve
100%
37 treinta y siete
100%
33 treinta y tres
100%
3 tres
100%
25 veinticinco
100%
29 veintinueve
100%
87 ochenta y siete
75%
32 treinta y dos
75%
5 cinco
67%
59 cincuenta y nueve
67%
43 cuarenta y tres
67%
84 ochenta y cuatro
67%
74 setenta y cuatro
67%
100 cien
50%
40 cuarenta
50%
45 cuarenta y cinco
50%
42 cuarenta y dos
50%
96 noventa y seis
50%
67 sesenta y siete
50%
76 setenta y seis
50%
36 treinta y seis
50%
31 treinta y uno
50%
22 veintidós
50%
27 veintisiete
50%
14 catorce
0%
44 cuarenta y cuatro
0%
49 cuarenta y nueve
0%
48 cuarenta y ocho
0%
19 diecinueve
0%
18 dieciocho
0%
10 diez
0%
93 noventa y tres
0%
82 ochenta y dos
0%
8 ocho
0%
11 once
0%
63 sesenta y tres
0%
38 treinta y ocho
0%
1 uno
0%
20 veinte
0%
24 veinticuatro
0%
28 veintiocho
0%
26 veintiséis
0%
23 veintitrés
0%
21 veintiuno
0%
No matching quizzes found
Score Distribution
Percent of People with Each Score
Percentile by Number Answered
Your Score History
You have not taken this quiz